| 000 | 01630nam a2200349 i 4500 | ||
|---|---|---|---|
| 999 |
_c65677 _d65677 |
||
| 001 | 768714001 | ||
| 003 | CO-MdFUSB | ||
| 005 | 20200722172934.0 | ||
| 007 | ta | ||
| 008 | 200416b ||||| |||| 00| 0 eng d | ||
| 020 | _a9781850750024 | ||
| 040 |
_aCO-MdFUSB _bspa _cCO-MdFUSB _dCO-MdFUSBC _erda |
||
| 041 | _aeng | ||
| 082 |
_223 _a224.506 _bD2572 |
||
| 100 |
_aDavies, Philip R. _eautor |
||
| 245 |
_aDaniel _c/ Philip R. Davies |
||
| 264 | 1 |
_aLondres : _bT y T CLARK, _c[1987] |
|
| 264 | 4 | _c© 1987 | |
| 300 |
_a133 páginas _c; 23 cm |
||
| 336 |
_2rdacontent _atexto _btxt |
||
| 337 |
_2rdamedia _asin mediación _bn |
||
| 338 |
_2rdacarrier _avolumen _bcr |
||
| 490 | 1 | _aGuías del Antiguo Testamento | |
| 504 | _aIncluye referencias bibliográficas | ||
| 505 | _aDaniel ha engendrado una gran cantidad de debate controvertido, especialmente con respecto a su fecha y autoría y su carácter 'apocalíptico'. En esta introducción para el alumno, los problemas académicos se describen y evalúan cuidadosamente, mientras se pone énfasis en los aspectos literarios y teológicos del libro, que se han descuidado comparativamente, pero que reflejan las preocupaciones e intereses de la erudición contemporánea del Antiguo Testamento. Por lo tanto, este volumen analiza tanto la erudición pasada como señala las tendencias futuras en la comprensión de una obra maestra literaria y teológica única. | ||
| 563 | _aRústico | ||
| 630 | 0 | 7 |
_aBiblia. _pDaniel _xCrítica, interpretación, etc. |
| 830 | _aGuías del Antiguo Testamento | ||
| 942 | _cBK | ||
| 945 | _aJTF-925 | ||